Score 0/115 Timer 03:00
0 Plays Today
Year City % Correct
1790New York, New York
99.7%
1800New York, New York
99.7%
1810New York, New York
99.7%
1820New York, New York
99.7%
1830New York, New York
99.7%
1840New York, New York
99.7%
1850New York, New York
99.7%
1860New York, New York
99.7%
1870New York, New York
99.7%
1880New York, New York
99.7%
1890New York, New York
99.7%
1900New York, New York
99.7%
1910New York, New York
99.7%
1920New York, New York
99.7%
1930New York, New York
99.7%
1940New York, New York
99.7%
1950New York, New York
99.7%
1960New York, New York
99.7%
1970New York, New York
99.7%
1980New York, New York
99.7%
1990New York, New York
99.7%
2000New York, New York
99.7%
2010New York, New York
99.6%
2010Los Angeles, California
96.3%
1930Los Angeles, California
96%
1940Los Angeles, California
96%
1950Los Angeles, California
96%
1960Los Angeles, California
96%
1970Los Angeles, California
96%
1980Los Angeles, California
96%
1990Los Angeles, California
96%
2000Los Angeles, California
96%
2010Chicago, Illinois
94.7%
1870Chicago, Illinois
94%
1880Chicago, Illinois
94%
1890Chicago, Illinois
94%
1900Chicago, Illinois
94%
1910Chicago, Illinois
94%
1920Chicago, Illinois
94%
Year City % Correct
1930Chicago, Illinois
94%
1940Chicago, Illinois
94%
1950Chicago, Illinois
94%
1960Chicago, Illinois
94%
1970Chicago, Illinois
94%
1980Chicago, Illinois
94%
1990Chicago, Illinois
94%
2000Chicago, Illinois
94%
1790Boston, Massachusetts
93.4%
1800Boston, Massachusetts
93.4%
1810Boston, Massachusetts
93.4%
1820Boston, Massachusetts
93.4%
1830Boston, Massachusetts
93.4%
1840Boston, Massachusetts
93.4%
1850Boston, Massachusetts
93.4%
1880Boston, Massachusetts
93.4%
1900Boston, Massachusetts
93.4%
1910Boston, Massachusetts
93.4%
2010Philadelphia, Pennsylvania
91.1%
1790Philadelphia, Pennsylvania
89.2%
1800Philadelphia, Pennsylvania
89.2%
1810Philadelphia, Pennsylvania
89.2%
1820Philadelphia, Pennsylvania
89.2%
1830Philadelphia, Pennsylvania
89.2%
1840Philadelphia, Pennsylvania
89.2%
1850Philadelphia, Pennsylvania
89.2%
1860Philadelphia, Pennsylvania
89.2%
1870Philadelphia, Pennsylvania
89.2%
1880Philadelphia, Pennsylvania
89.2%
1890Philadelphia, Pennsylvania
89.2%
1900Philadelphia, Pennsylvania
89.2%
1910Philadelphia, Pennsylvania
89.2%
1920Philadelphia, Pennsylvania
89.2%
1930Philadelphia, Pennsylvania
89.2%
1940Philadelphia, Pennsylvania
89.2%
1950Philadelphia, Pennsylvania
89.2%
1960Philadelphia, Pennsylvania
89.2%
1970Philadelphia, Pennsylvania
89.2%
1980Philadelphia, Pennsylvania
89.2%
Year City % Correct
1990Philadelphia, Pennsylvania
89.2%
2000Philadelphia, Pennsylvania
89.2%
2010Houston, Texas
87.2%
1980Houston, Texas
82.7%
1990Houston, Texas
82.7%
2000Houston, Texas
82.7%
1920Detroit, Michigan
70.5%
1930Detroit, Michigan
70.5%
1940Detroit, Michigan
70.5%
1950Detroit, Michigan
70.5%
1960Detroit, Michigan
70.5%
1970Detroit, Michigan
70.5%
1790Baltimore, Maryland
65.8%
1800Baltimore, Maryland
65.8%
1810Baltimore, Maryland
65.8%
1820Baltimore, Maryland
65.8%
1830Baltimore, Maryland
65.8%
1840Baltimore, Maryland
65.8%
1850Baltimore, Maryland
65.8%
1860Baltimore, Maryland
65.8%
1870St. Louis, Missouri
56.1%
1890St. Louis, Missouri
56.1%
1900St. Louis, Missouri
56.1%
1910St. Louis, Missouri
56.1%
1920Cleveland, Ohio
53.2%
1820New Orleans, Louisiana
48.6%
1830New Orleans, Louisiana
48.6%
1840New Orleans, Louisiana
48.6%
1850New Orleans, Louisiana
48.6%
1860New Orleans, Louisiana
48.6%
1790Charleston, South Carolina
39%
1800Charleston, South Carolina
39%
1810Charleston, South Carolina
39%
1860Brooklyn, New York
22%
1870Brooklyn, New York
22%
1880Brooklyn, New York
22%
1890Brooklyn, New York
22%
Remove Ads.
Support Sporcle.
Get the best of Sporcle when you Go Orange. This ad-free experience offers more features, more stats, and more fun while also helping to support Sporcle. Thank you for becoming a member.

You're not logged in!

Compare scores with friends on all Sporcle quizzes.
OR
Log In

Sporcle TV

Today on Sporcle TV


Watch our educational content, quiz creation guides, and fun videos on Sporcle TV.

Show Comments

Extras

Top Quizzes Today


Score Distribution

Paid Content

Your Account Isn't Verified!

In order to create a playlist on Sporcle, you need to verify the email address you used during registration. Go to your Sporcle Settings to finish the process.

Report this User

Report this user for behavior that violates our Community Guidelines.

Details: